30 classiques de la littérature française - Statistiques

Statistiques générales
  • Ce quiz a été pris 347 fois
    234 depuis la dernière actualisation
  • Le résultat moyen est 19 sur 30
Statistiques - réponses
Titres Auteurs % Correct
Les Misérables Victor Hugo
100%
L'étranger Albert Camus
96%
Le comte de Monté-Cristo Alexandre Dumas
93%
Germinal Emile Zola
93%
Le Rouge et le Noir Stendhal
91%
Le petit Prince Antoine de Saint Exupéry
89%
Bel ami Guy de Maupassant
88%
Vingt Mille lieues sous les mers Jules Verne
88%
Les Fleurs du Mal Charles Baudelaire
87%
Madame Bovary Gustave Flaubert
87%
Candide Voltaire
86%
La gloire de mon père Marcel Pagnol
75%
Gargantua François Rabelais
72%
Don Juan Molière
72%
Le père Goriot Honoré de Balzac
70%
Voyage au bout de la nuit Louis Ferdinand Céline
66%
Cyrano de Bergerac Edmond Rostand
61%
La princesse de Clèves Madame de La Fayette
60%
Les liaisons dangereuses Pierre Choderlos de Laclos
60%
Mémoires d'outre tombe François René de Chateaubriand
51%
Le barbier de Séville Beaumarchais
47%
Jacques le fataliste et son maître Denis Diderot
47%
Les confessions Jean Jacques Rousseau
46%
La condition humaine André Malraux
41%
Manon Lescaut Antoine François Prévost
35%
Le Grand Meaulnes Alain Fournier
30%
Poil de carotte Jules Renard
30%
Un sac de billes Joseph Joffo
28%
Le capitaine Fracasse Théophile Gautier
22%
Tartarin de Tarascon Alphonse Daudet
18%
Aucun quiz correspondant
Distribution des résultats
% des personnes avec chaque résultat
Percentile par nombre de réponses
Votre historique - résultats
Vous n’avez pas pris ce quiz depuis la dernière actualisation